Najmniejszy państwo w ... - Statystyki

Ogólne statystyki
  • Ten quiz został rozwiązany 368 razy
  • Średni wynik to 9 z 18
Statystyki odpowiedzi
Najmniejszy kraj w ... Kraj % Poprawnych
Europie Watykan
99%
na Bałkanach Kosowo
67%
Krajów Nordyckich Dania
63%
krajach Beneluksu Luksemburg
61%
byłej Jugosławii Kosowo
59%
Krajach "-Stan" Tadżykistan
57%
Ameryce Południowej Surinam
56%
Oceanii Nauru
52%
Afryce Seszele
51%
Azji Malediwy
44%
Dotknięcie Morza Czarnego Gruzja
42%
Ameryki Środkowej Salwador
42%
Dotykający Morza Śródziemnego Monako
41%
Ameryce Północnej Saint Kitts i Nevis
41%
byłym Związku Radzieckim Armenia
37%
bez rzek Watykan
36%
bez węży Watykan
31%
Dotykający Morza Czerwonego* Dżibuti
29%
Nie znaleziono quizów pasujących do podanych kryteriów
Rozkład punktacji
Procent ludzi z każdym wynikiem
Percentyl według liczby udzielonych odpowiedzi
Twoja historia wyników
Nie rozwiązałeś tego quizu